10 questions every teen should ask (and answer) about Christianity / (Record no. 19622)
[ view plain ]
| 000 -LEADER | |
|---|---|
| fixed length control field | 01510cam a2200313 i 4500 |
| 001 - CONTROL NUMBER | |
| control field | 21522562 |
| 005 - DATE AND TIME OF LATEST TRANSACTION | |
| control field | 20221003115718.0 |
| 008 - FIXED-LENGTH DATA ELEMENTS--GENERAL INFORMATION | |
| fixed length control field | 200506s2021 ilua j b 001 0 eng |
| 010 ## - LIBRARY OF CONGRESS CONTROL NUMBER | |
| LC control number | 2020020314 |
| 020 ## - INTERNATIONAL STANDARD BOOK NUMBER | |
| International Standard Book Number | 9781433571664 |
| 020 ## - INTERNATIONAL STANDARD BOOK NUMBER | |
| Canceled/invalid ISBN | 9781433571671 |
| 020 ## - INTERNATIONAL STANDARD BOOK NUMBER | |
| Canceled/invalid ISBN | 9781433571688 |
| 020 ## - INTERNATIONAL STANDARD BOOK NUMBER | |
| Canceled/invalid ISBN | 9781433571695 |
| 040 ## - CATALOGING SOURCE | |
| Original cataloging agency | DLC |
| Language of cataloging | eng |
| Transcribing agency | DLC |
| Description conventions | rda |
| Modifying agency | DLC |
| 042 ## - AUTHENTICATION CODE | |
| Authentication code | pcc |
| 050 00 - LIBRARY OF CONGRESS CALL NUMBER | |
| Classification number | BR125.5 |
| Item number | .M45 2021 |
| 082 00 - DEWEY DECIMAL CLASSIFICATION NUMBER | |
| Classification number | 239 |
| Edition number | 23 |
| 100 1# - MAIN ENTRY--PERSONAL NAME | |
| Personal name | McLaughlin, Rebecca, |
| Dates associated with a name | 1980- |
| Relator term | author. |
| 245 10 - TITLE STATEMENT | |
| Title | 10 questions every teen should ask (and answer) about Christianity / |
| Statement of responsibility, etc. | Rebecca McLaughlin. |
| 246 3# - VARYING FORM OF TITLE | |
| Title proper/short title | Ten questions every kid should ask (and answer) Christianity |
| 300 ## - PHYSICAL DESCRIPTION | |
| Extent | 206 pages : |
| Other physical details | color illustrations ; |
| Dimensions | 21 cm |
| 504 ## - BIBLIOGRAPHY, ETC. NOTE | |
| Bibliography, etc | Includes bibliographical references and indexes. |
| 520 ## - SUMMARY, ETC. | |
| Summary, etc. | "The author uses kid-friendly illustrations and biblical truth to address 10 questions kids face about the Christian worldview, challenging young people to think deeply about hard topics and stand for truth in a secular age"-- |
| 650 #0 - SUBJECT ADDED ENTRY--TOPICAL TERM | |
| Topical term or geographic name as entry element | Christianity |
| Form subdivision | Juvenile literature. |
| 776 08 - ADDITIONAL PHYSICAL FORM ENTRY | |
| Relationship information | Online version: |
| Main entry heading | McLaughlin, Rebecca, 1980- |
| Title | 10 questions every kid should ask (and answer) about christianity |
| Place, publisher, and date of publication | Wheaton : Crossway, 2021. |
| International Standard Book Number | 9781433571671 |
| Record control number | (DLC) 2020020315 |
| 906 ## - LOCAL DATA ELEMENT F, LDF (RLIN) | |
| a | 7 |
| b | cbc |
| c | orignew |
| d | 1 |
| e | ecip |
| f | 20 |
| g | y-gencatlg |
| 942 ## - ADDED ENTRY ELEMENTS (KOHA) | |
| Source of classification or shelving scheme | Library of Congress Classification |
| Koha item type | General Collection |
| Withdrawn status | Lost status | Source of classification or shelving scheme | Not for loan | Home library | Current library | Date acquired | Cost, normal purchase price | Inventory number | Total Checkouts | Full call number | Barcode | Date last seen | Copy number | Price effective from | Koha item type |
|---|---|---|---|---|---|---|---|---|---|---|---|---|---|---|---|
| Library of Congress Classification | Kabarak, Main Campus | Kabarak, Main Campus | 03/10/2022 | 1200.00 | 0590/2022 | BR125.5 .M45 2021 C.1 | 032055 | 02/08/2024 | C.1 | 03/10/2022 | General Collection |